Loading...
| History - American | 0 | 4 | 1 | 0 | 35 | 43 | 64.00 | 1 | 3 |
| Mythology - Greco/Roman | 0 | 3 | 0 | 0 | 30 | 83 | 103.67 | 0 | 2 |
| History - World | 0 | 4 | 3 | 0 | 25 | 60 | 88.00 | 1 | 2 |
| History - European | 0 | 3 | 2 | 1 | 20 | 80 | 99.33 | 0 | 0 |
| History - Other | 0 | 1 | 0 | 0 | 10 | 117 | 117.00 | 0 | 1 |
| Literature - American any | 0 | 1 | 0 | 0 | 10 | 53 | 53.00 | 0 | 1 |
| Social Science - Economics | 0 | 1 | 0 | 0 | 10 | 93 | 93.00 | 0 | 0 |
| Art - Other | 0 | 1 | 0 | 0 | 10 | 37 | 37.00 | 1 | 1 |
| Art - Visual | 0 | 1 | 0 | 0 | 10 | 134 | 134.00 | 0 | 1 |
| Geography - Non-U.S. Americas | 0 | 1 | 0 | 1 | 10 | 138 | 138.00 | 0 | 0 |
| Religion - Hinduism | 0 | 1 | 0 | 0 | 10 | 118 | 118.00 | 0 | 0 |
| Religion - Islam | 0 | 1 | 0 | 1 | 10 | 146 | 146.00 | 0 | 0 |
| Religion - Buddhism | 0 | 1 | 0 | 0 | 10 | 88 | 88.00 | 0 | 1 |
| Art - Music/Opera | 0 | 1 | 1 | 0 | 5 | 103 | 103.00 | 0 | 1 |
| Mythology - East Asia | 0 | 0 | 1 | 0 | -5 | 0.00 | 0 | 0 |